000 01545cam a2200469 4500
999 _c23215
_d23215
001 vtls011788878
005 20220427111632.0
008 200205s2018 xo grhe 000 0dslo
020 _a9788097220327
_q(viazané)
035 _aurn:nbn:sk:snk-am00d8zo
035 _aurn:nbn:sk:snk-am3htpx
035 _a25249851-2CEB-4FE2-B261-8976455908B8
040 _aZKSE
_bslo
_cZKSE
_dSNK
_erda
041 0 _aslo
044 _axo
_cSK
072 7 _a793.3
_xPohybové umenie. Tanecc
_2konspekt
072 7 _a929
_xBiografie
_2konspekt
080 _a793.3
_22011
080 _a(031)
_22011
080 _a793.3(091)
_22011
080 _a793.3:796.034.6
_22011
100 1 _aBartko, Emil Tomáš,
_d1945-
_4aut
_92927
245 1 _aStručná encyklopédia tanečného umenia
_cEmil T. Bartko
264 1 _aBratislava
_bVerbunk
_bVysoká škola múzických umení
_c2018
300 _a637 strán
_c24 cm
336 _atext
_btxt
_2rdacontent
337 _abez média
_bn
_2rdamedia
338 _azväzok
_bnc
_2rdacarrier
650 0 7 _atanec
_2SNKPH
_92928
650 0 7 _atanečníci
_2SNKPH
_92929
650 0 7 _adejiny tanca
_2SNKPH
_92930
650 0 7 _aDance
_2SNKPHeng
_92931
650 0 7 _aDancers
_2SNKPHeng
_92932
650 0 7 _aHistory of dance
_2SNKPHeng
_92933
650 0 7 _atanečný šport
_2SNKPH
_92934
650 0 7 _aDance sport
_2SNKPHeng
_92935
650 0 7 _apohybové umenie
_2SNKPH
_92936
650 0 7 _aMovement art
_2SNKPHeng
_92937
655 7 _aencyklopédie
_2SNKPHeng
_91494
655 7 _aEncyclopedias
_2SNKPHeng
_91495
958 _aBC